LEADER 01031nam a2200301 i 4500 001 991000855009707536 005 20020507102343.0 008 010226s1959 us ||| | eng 035 $ab10138973-39ule_inst 035 $aLE00637983$9ExL 040 $aDip.to Fisica$bita 084 $a53(021) 084 $a53.0.6 100 1 $aEstermann, Immanuel$01388 245 10$aClassical methods /$cedited by Immanuel Estermann 260 $aNew York :$bAcademic Press,$cc1959 300 $axii, 596 p. :$bill. ;$c24 cm. 490 0 $aMethods of experimental physics ;$v1 500 $aBibliographical footnotes 650 4$aPhysical measurements 650 4$aPhysics-Laboratory manuals 650 4$aPhysics-Research 907 $a.b10138973$b17-02-17$c27-06-02 912 $a991000855009707536 945 $aLE006 53(021) MAR$g1$i2006000030243$lle006$o-$pE0.00$q-$rl$s- $t0$u0$v0$w0$x0$y.i10164911$z27-06-02 996 $aClassical methods$9186786 997 $aUNISALENTO 998 $ale006$b01-01-01$cm$da $e-$feng$gus $h0$i1 LEADER 02271nam 2200421z- 450 001 9910585995303321 005 20220803 035 $a(CKB)5590000000936503 035 $a(oapen)https://directory.doabooks.org/handle/20.500.12854/90494 035 $a(oapen)doab90494 035 $a(EXLCZ)995590000000936503 100 $a20202208d2021 |y 0 101 0 $ager 135 $aurmn|---annan 181 $ctxt$2rdacontent 182 $cc$2rdamedia 183 $acr$2rdacarrier 200 00$aRechtsfragen bei Open Science$eEin Leitfaden 210 $aHamburg$cHamburg University Press$d2021 215 $a1 online resource (244 p.) 311 08$a3-943423-89-1 330 $aDigitisation enables open science. Digitisation has many aspects, in particular free access to scholarly publications and materials (Open Access), transparent review procedures (Open Peer Review) or open source technologies (Open Source). The programme Hamburg Open Science (duration 2018-2020) supports, among other things, cultural change in research. It is in this context that the present guide was created. It is intended to make the legal environment tangible. The guide first systematically elaborates the relevant areas of law. The second part answers legal questions about Open Science that come directly from universities and libraries. In this way, the guide is prepared and communicated in a practical manner. The authors of the guide are Dr. Till Kreutzer, partner at the law firm iRights.Law, and their research assistant Henning Lahmann. This second, completely revised and expanded edition was produced with the assistance of Dr. Ina Kaulen, Hamburg State and University Library Carl von Ossietzky. 517 $aRechtsfragen bei Open Science 517 $aRechtsfragen bei Open Science 606 $aLaws of Specific jurisdictions$2bicssc 610 $aCopyleft 610 $aCopyright 610 $aDigitisation 610 $aHamburg Open Science 610 $aOpenness 610 $aUsage rights 615 7$aLaws of Specific jurisdictions 700 $aKreutzer$b Till$4auth$01252631 702 $aLahmann$b Henning$4auth 906 $aBOOK 912 $a9910585995303321 996 $aRechtsfragen bei Open Science$93016526 997 $aUNINA LEADER 01513nam0 22003013i 450 001 BVE0204982 005 20251003044057.0 100 $a20090218d2000 ||||0itac50 ba 101 | $aita$aeng 102 $ait 181 1$6z01$ai $bxxxe 182 1$6z01$an 200 1 $aCodice delle valutazioni immobiliari$fsupervisione: Aldo De Marco$gcoordinatore responsabile: Giampiero Bambagioni$gdirettore scientifico: Stefano Stanghellini$ghanno collaborato nella stesura: Giuliano Marella ... [et al.] 210 $aRoma$cTecnoborsa$d[2000] 215 $a238 p.$d25 cm 300 $aIn testa al front.: Tecnoborsa 300 $aTesto in italiano e inglese. 676 $a333.332$9TRASFERIMENTO DEL POSSESSO E DIRITTO ALL'USO DELLA TERRA. VALORE E PREZZO$v21 676 $a333.332$9TRASFERIMENTO DEL POSSESSO E DIRITTO ALL'USO DELLA TERRA. VALORE E PREZZO$v22 676 $a346.450432$9DIRITTO DELLA PROPRIETA. ITALIA$v21 801 3$aIT$bIT-000000$c20090218 850 $aIT-BN0095 901 $bNAP 01$cPOZZO LIB.$nVi sono collocati fondi di economia, periodici di ingegneria e scienze, periodici di economia e statistica e altri fondi comprendenti documenti di economia pervenuti in dono. 912 $aBVE0204982 950 0$aBiblioteca Centralizzata di Ateneo$b1 v.$c1 v.$d 01POZZO LIB.DONI DEMM 300$e 01 0000087385E VMA 1 v.$fB $h20220628$i20230913 977 $a 01 996 $aCodice delle valutazioni immobiliari$9712417 997 $aUNISANNIO